000 00340nam a2200133Ia 4500
008 231129s9999||||xx |||||||||||||| ||spa||
020 _a84-7093-14-7
040 _bspa
082 _aR 549.022 F677
100 _aFont-Altaba M.
245 0 _aAtlas de mineralogia
264 _aJover
942 _2ddc
_cBKS
999 _c5815
_d5815